| 000 | 01888nam a2200253Ia 4500 | ||
|---|---|---|---|
| 003 | Ost | ||
| 005 | 20260507074935.0 | ||
| 008 | 260507s9999||||xx |||||||||||||| ||und|| | ||
| 020 | _a9957163716 | ||
| 040 | _cfsecg | ||
| 041 | _aara | ||
| 082 | _a657.04 | ||
| 100 |
_aالقاضي، حسين _eمؤلف |
||
| 245 | 0 |
_a المحاسبة الدولية ومعاييرها / _c حسين القاضي |
|
| 260 |
_aعمان: _bدار الثقافة, _c2008 |
||
| 300 |
_a319 صفحة؛ _bإيضاحات ؛ _c25 سم |
||
| 504 | _aبيبليوغرافيا ص.317 | ||
| 520 | _aيهدف هذا الكتاب الى تقديم إطار نظري وعملي لدراسة المحاسبة الدولية من حيث نشوئها وتطورها وعلاقاتها مع عدة مفاهيم مثل العمولة وثورة المعلومات والتجارة الإلكترونية تم تكريس الباب الأول لعرض المدخل الى المحاسبة الدولية والذي يضم ثلاثة فصول ويهتم الباب الثاني بعرض تطبيقات معايير المحاسبة الدولية حيث تناول محاسبة الأصول وفقاً لمعايير المحاسبة الدولية وركز فيه على موضوعات هامة مثل محاسبة الاستهلاك ومحاسبة عقود الإنشاء كما تضمن محاسبة التضخم وعرض مشكلة إعداد القوائم الحالية وفقا للمعايير المحاسبة الدولية أما الباب الثالث فقد كان لمعايير التدقيق الدولية عرض فيه أهمية التدقيق وأهداف المعايير الشخصية | ||
| 653 | _aالمحاسبة | ||
| 653 | _aالمحاسبة الدولية | ||
| 653 | _aمعايير المحاسبة | ||
| 700 |
_aحمدان، مامون _eمؤلف ثانوي |
||
| 942 | _cكتاب | ||
| 999 |
_c41882 _d41882 |
||